000 00395nam a2200133Ia 4500
008 210210b1987 xxu||||| |||| 00| 0 eng d
082 _a339 MCCI
100 _aMcCONNELL (Campbell R) and GUPTA (Harish C).
245 _aIntroduction to macroeconomics.
260 _aNew Delhi.
_bTata McGraw-Hill Publishing Company Ltd.
_c1987
300 _axxii,584
690 _aMacroeconomics
906 _a042763
999 _c92230
_d92230